000 00371nam a2200145Ia 4500
008 191201s2018 xx 000 0 und d
082 _a615.4 GAT
100 _aGaud, R.S
245 0 _aText book of Pharmaceutics
260 _bNirali Prakashan
_aNew Delhi
_c2018
300 _a11.19,1.2
650 _aPharmaceutics
700 _aYeole , Yadav & Gokhale
942 _2ddc
_cBK
999 _c8349
_d8349